Вып. 3; Электротехническая промышленность. Серия: Бытовая электротехника

التفاصيل البيبلوغرافية
Parent link:Электротехническая промышленность. Серия: Бытовая электротехника: научно-технический реферативный сборник/ Всесоюзный научно-исследовательский институт информации и технико-экономических исследований в электротехнике (Информэлектро). Вып. 3.— , 1970-1984.— 0136-0752
اللغة:الروسية
منشور في: 1974
التنسيق: MixedMaterials كتاب
KOHA link:https://koha.lib.tpu.ru/cgi-bin/koha/opac-detail.pl?biblionumber=503834

MARC

LEADER 00000nam2a2200000 4500
001 503834
005 20231101102651.0
035 |a (RuTPU)RU\TPU\prd\174601 
035 |a RU\TPU\prd\174596 
090 |a 503834 
100 |a 20130412b1974 k y0rusy50 ca 
101 0 |a rus 
102 |a RU 
200 0 |a Вып. 3 
210 |d 1974 
461 1 |0 (RuTPU)RU\TPU\prd\561  |x 0136-0752  |t Электротехническая промышленность. Серия: Бытовая электротехника  |o научно-технический реферативный сборник  |f Всесоюзный научно-исследовательский институт информации и технико-экономических исследований в электротехнике (Информэлектро)  |v Вып. 3  |d 1970-1984 
801 0 |a RU  |b 63413507  |c 20010227  |g PSBO 
801 1 |a RU  |b 63413507  |c 20130412 
801 2 |a RU  |b 63413507  |c 20130412  |g RCR 
942 |c BK 
999 |a НТБ_ТПУ  |b НФ  |e -4/20130109  |p П-6282  |u 0,00  |v 1